000 00492nmm a2200157Ia 4500
008 251105s9999||||xx |||||||||||||||||und||
020 _a9781558859999
041 _aspa
100 _aDavid, Elías
245 0 _aUna nueva ciudad, un nuevo hogar = A New City, a New Home
264 _a[Washington, Estados Unidos] :
_bArte Público Press,
_c2024
300 _a33 páginas
650 _aTeen & Young Adult Fiction
856 _uhttps://public.digitaliapublishing.com/a/170021
942 _cCF
999 _c74982
_d74982